Computational methods in nonlinear structural and solid mechanics : papers presented at the Symposium on Computational Methods in Nonlinear Structural and Solid Mechanics, held 6-8 October 1980, Washington, D.C. /

Bibliographic Details
Corporate Authors: Symposium on Computational Methods in Nonlinear Structural and Solid Mechanics Washington, D.C., George Washington University
Other Authors: Noor, Ahmed Khairy, 1938-, McComb, Harvey G.
Format: Conference Proceeding Book
Language:English
Published: Oxford ; New York : Pergamon Press, [1981]
Subjects:

MARC

Tag First Indicator Second Indicator Subfields
LEADER 00000cam a22000008a 4500
001 in00000081203
005 20151008060957.0
008 801218s1981 enka b 10010 engm
010 |a  80041608  
015 |a GB81 
020 |a 0080272991 :  |c 30.00 
035 |a (OCoLC)07173233 
035 |9 AAJ7020AM 
040 |a DLC  |c DLC  |d m.c.  |d TXA  |d UtOrBLW 
049 |a TXAM  |c [1673128] 
050 0 0 |a TA640  |b .S95 1980 
082 0 |a 624.1/71/028542  |2 19 
111 2 |a Symposium on Computational Methods in Nonlinear Structural and Solid Mechanics  |d (1980 :  |c Washington, D.C.) 
245 1 0 |a Computational methods in nonlinear structural and solid mechanics :  |b papers presented at the Symposium on Computational Methods in Nonlinear Structural and Solid Mechanics, held 6-8 October 1980, Washington, D.C. /  |c editors, Ahmed K. Noor and Harvey G. McComb, Jr. 
263 |a 8101 
264 1 |a Oxford ;  |a New York :  |b Pergamon Press,  |c [1981] 
264 4 |c ©1981 
300 |a vi, 465 pages :  |b illustrations ;  |c 28 cm. 
336 |a text  |b txt  |2 rdacontent 
337 |a unmediated  |b n  |2 rdamedia 
338 |a volume  |b nc  |2 rdacarrier 
500 |a Sponsored by George Washington University and other organizations. 
500 |a "Published as a special issue of the journal Computers & structures, volume 13, number 1-2." 
504 |a Includes bibliographical references. 
650 0 |a Structural analysis (Engineering)  |v Congresses. 
650 0 |a Structural analysis (Engineering)  |x Data processing  |v Congresses. 
650 0 |a Nonlinear mechanics  |v Congresses. 
650 0 |a Numerical analysis  |v Congresses. 
700 1 |a Noor, Ahmed Khairy,  |d 1938- 
700 1 |a McComb, Harvey G. 
710 2 |a George Washington University. 
730 0 |a Computers & structures. 
999 |a MARS 
999 f f |s c6b7d38b-f093-304c-9cc1-5f4414f2637d  |i 373889c1-d40c-32ee-b1e3-f27d0d317230  |t 0 
952 f f |p normal  |a Texas A&M University  |b College Station  |c Sterling C. Evans Library  |d Evans: Library Stacks  |t 0  |e TA640 .S95 1980  |h Library of Congress classification  |i unmediated -- volume  |m A14806243158 
998 f f |a TA640 .S95 1980  |t 0  |l Evans: Library Stacks